Statistiques concernant Culture Générale - Série 934

Cliquez ici pour prendre le quiz!

Statistiques générales

  • Ce quiz a été pris 87 fois
  • Le résultat moyen est 6 sur 10

Statistiques - réponses

QuestionRéponse% Correct
Quel signe de ponctuation les Anglais appellent-ils “full stop” ?point
86%
Dans quel massif montagneux d'Europe vous trouvez-vous, si vous prenez les eaux à Luchon ?Pyrénées
85%
Complétez ce titre d'un roman de Ian Fleming de 1957 : "Bons Baisers de...Russie
83%
Comment appelle-t-on chacun des États qui composent la Confédération helvétique ?canton
74%
Quelle chaîne américaine fut la première au monde à diffuser des informations en continu ?CNN
69%
Dans le film de Claude Autant-Lara, quel acteur accepte d'accompagner Bourvil dans sa “Traversée de Paris” ?Jean Gabin
69%
De quel courant littéraire “Les Souffrances du jeune Werther” marquent-elles l'apparition ?romantisme
40%
À quel compositeur doit-on “Offrande musicale” et “L'Art de la fugue” ?Jean-Sébastien Bach
33%
En 1991, quel groupe nous emmène en chanson "Sous le soleil de bodega" ?Les Négresses vertes
23%
Quel titre “médical” porte le premier album de Doc Gyneco, sorti en 1996 ?Première consultation
16%

Distribution des résultats

Percentile par nombre de réponses

% des personnes avec chaque résultat

Votre développement - résultats

Vous n’avez pas pris ce quiz